000 00944cam a22002651 4500
001 e 47000051
003 DLC
005 20260227111233.0
008 760510s1947 waua b 000 0 eng c
010 _ae 47000051
035 _a(OCoLC)2168068
040 _aU. S. Office of Education. Library
_cNOsU
_dDLC
042 _apremarc
050 0 0 _aL111
_b.A6 1947, no. 8
051 _aLB1567
_b.B263
082 _a379.173
100 1 _aBathurst, Effie G.
_q(Effie Geneva),
_d1886-
245 1 0 _aSchools count in country life.
260 _a[Washington,
_c1947]
300 _aiv, 61 p.
_billus.
_c23 cm.
410 1 0 _aUnited States.
_bOffice of Education.
_tBulletin
_v1947, no. 8
501 _aCopies 1 and 2 of L111.A6 with: Education in Ecuador / Cameron Duncan Ebaugh. Washington : Govt. Print. Off., 1947. Bound together subsequent to publication.
_5DLC
504 _aBibliography: p. 58-61.
650 0 _aRural schools
_zUnited States.
999 _c22072
_d22072